000 00279nam a2200133Ia 4500
100 _aBernard E. Jones
650 _aGeneral
942 _cBK
654 _aMechanic
245 _aThe Amateur Mechanic
260 _bWaverly Book Co
_c2001
082 _a621.3
546 _aENGLISH
999 _c23502
_d23502